| 000 | 00841nam a2200289Ia 4500 | ||
|---|---|---|---|
| 008 | 160303s9999 xx 000 0 und d | ||
| 020 | _a971-92148-1-3 | ||
| 050 | _aFIL HB 615 | ||
| 050 | _b.S26 2000 c.1 | ||
| 100 | _aSanchez, Marlo. | ||
| 245 | 2 | _aA Smart and practical guide for new entrepreneurs : | |
| 245 | _bbe smart! start and manage your own business / | ||
| 245 | _cMarlo Sanchez. | ||
| 260 | _aMuntinlupa City: | ||
| 260 | _bPinoyBisnes tm Resource Center, | ||
| 260 | _c2000 | ||
| 300 | _a148 pages : | ||
| 300 | _billustrations ; | ||
| 300 | _c22 cm. | ||
| 500 | _aIncludes index. | ||
| 650 | _aBusiness -- | ||
| 650 | _aEntrepreneurship -- | ||
| 650 | _aNew business enterprises -- | ||
| 650 | _xHandbooks, manuals, etc. | ||
| 650 | _xHandbooks, manuals, etc. | ||
| 650 | _xHandbooks, manuals, etc. | ||
| 999 |
_c291371 _d291371 |
||